Statistics for Every EFL League Two Goalscorer (2020/21)

Click here to take the quiz!

General Stats

  • This quiz has been taken 6 times
  • The average score is 37 of 366

Answer Stats

Answer% Correct
Will Smith
80%
Nathan Smith
80%
Sam Smith
80%
Mike Jones
80%
Tommy Smith
80%
James Jones
80%
Dan Jones
80%
Gethin Jones
80%
Joe Adams
60%
Declan John
60%
Ebou Adams
60%
Wes Hoolahan
40%
George Williams
40%
Paul Mullin
40%
Matt Green
40%
James Vaughan
40%
Ian Henderson
40%
Aaron Collins
40%
Jake Young
40%
Jamille Matt
40%
Lewis Alessandra
40%
Randell Williams
40%
Archie Collins
40%
Jake Taylor
40%
Matt Jay
40%
Devarn Green
40%
Jevani Brown
40%
Andy Williams
40%
John White
40%
Kyle Taylor
40%
Connor Hall
40%
Scott Quigley
40%
Calvin Miller
40%
Shaun Miller
40%
Chris Taylor
40%
Carlos Mendes Gomes
40%
Connor Brown
40%
Pádraig Amond
40%
Ryan Taylor
40%
Eoin Doyle
40%
Cole Stockton
40%
Danny Johnson
40%
Aaron Wildig
40%
Luke James
40%
Jay Williams
40%
Lewis Collins
40%
Joss Labadie
20%
Stephen Quinn
20%
Tom Clarke
20%
Jai Rowe
20%
A-Jay Leitch-Smith
20%
Ashley Hunter
20%
Ben Stevenson
20%
Tom Eastman
20%
Nathan Ferguson
20%
Yann Songo'o
20%
Stephen Hendrie
20%
Alex Fisher
20%
Scot Bennett
20%
James Wilson
20%
Theo Robinson
20%
Mark Beck
20%
Harry Clarke
20%
Jack Muldoon
20%
Max Wright
20%
Jamie Proctor
20%
Luke Hendrie
20%
James Hanson
20%
Tom Pope
20%
Tom King
20%
Ollie Clarke
20%
Ira Jackson Jr
20%
Kane Wilson
20%
Mitchell Clark
20%
Josh Wright
20%
Matty Stevens
20%
Kevin Ellison
20%
Jon Stead
20%
Josh Sheehan
20%
Ben Tozer
20%
Jordan Clarke
20%
Callum Wright
20%
Callum Cooke
20%
Omari Patrick
20%
Aaron Hayden
20%
Offrande Zanzala
20%
Joshua Kayode
20%
Jon Mellish
20%
Danny Newton
20%
Charlie Carter
20%
Connor Wood
20%
Mathew Stevens
20%
Peter Clarke
20%
Billy Clarke
20%
Clayton Donaldson
20%
George Tanner
20%
Danny Rowe
20%
Andy Cook
20%
David Nugent
20%
Kieran Lee
20%
Ben Jackson
20%
Corey Blackett-Taylor
20%
Oladapo Afolayan
20%
Josh Gordon
20%
Bobby Thomas
20%
Jamie Devitt
20%
James Clarke
20%
Josh Kay
20%
Rhys Bennett
20%
Samuel Lavelle
20%
Brennan Dickenson
20%
Joe Riley
20%
Conor Thomas
20%
Jack Armer
20%
Elliott List
20%
Nick Anderton
20%
Gime Touré
20%
Calum Macdonald
0%
Aaron Lewis
0%
George Ray
0%
Dom Telford
0%
Conor McAleny
0%
Davis Keillor-Dunn
0%
Alfie McCalmont
0%
Terrell Egbri
0%
Tyler Cordner
0%
Jason Demetriou
0%
Zak Dearnley
0%
Saikou Janneh
0%
Dylan Bahamboula
0%
Elvis Bwomono
0%
Carl Piergianni
0%
James Olayinka
0%
George Blackwood
0%
Cameron Borthwick-Jackson
0%
Ben Garrity
0%
Bobby Grant
0%
Otis Khan
0%
Jay Spearing
0%
Alex Gilliead
0%
Ryan Haynes
0%
Scott Twine
0%
Brad Lyons
0%
Nathan Ralph
0%
Kelvin Mellor
0%
Freddie Price
0%
Jordan Slew
0%
Sam Perry
0%
George Nurse
0%
Max Melbourne
0%
Zak Jules
0%
Wes McDonald
0%
Matt Dolan
0%
Greg Halford
0%
Kyle Jameson
0%
Tristan Abrahams
0%
Mickey Demetriou
0%
Emmanuel Osadebe
0%
Reeco Hackett-Fairchild
0%
Dan Scarr
0%
Rory Holden
0%
Luke Gambin
0%
Jake Scrimshaw
0%
Liam Shephard
0%
Brandon Goodship
0%
Caolan Lavery
0%
Elijah Adebayo
0%
Brandon Cooper
0%
Dylan Fage
0%
Ashley Nathaniel-George
0%
Kevin van Veen
0%
Tom Pett
0%
Elliot Osborne
0%
Emile Acquah
0%
Brandon Thomas-Asante
0%
Luke Burgess
0%
Robbie Gotts
0%
Richie Towell
0%
Timothée Dieng
0%
Di'Shon Bernard
0%
Tom Clifford
0%
Lewis Spence
0%
Luther Wildin
0%
Ibou Touray
0%
Jordan Turnbull
0%
Harrison McGahey
0%
Abo Eisa
0%
Ryan Loft
0%
Alfie Beestin
0%
John McAtee
0%
Jordan Hallam
0%
Aaron Jarvis
0%
Manny Onariase
0%
Jacob Bedeau
0%
Arthur Read
0%
Jack Aitchison
0%
Shaun Hobson
0%
Paul Lewis
0%
Myles Hippolyte
0%
Marcel Hilßner
0%
Devante Rodney
0%
Tom Conlon
0%
David Worrall
0%
Danny Lloyd
0%
Leon Legge
0%
Liam Feeney
0%
Simeon Akinola
0%
Kieron Morris
0%
Cristian Montaño
0%
Kaiyne Woolery
0%
Will Swan
0%
Matt Rush
0%
Luke Prosser
0%
Manny Oyeleke
0%
Inih Effiong
0%
David Amoo
0%
Shaun Brisley
0%
Adam Crookes
0%
Marcus Dinanga
0%
Kurtis Guthrie
0%
Alex Hurst
0%
Scott Cuthbert
0%
Mark Cullen
0%
Simon Power
0%
Alex Kenyon
0%
Luke Norris
0%
Shilow Tracey
0%
Alfie May
0%
Will Boyle
0%
Liam Sercombe
0%
George Lloyd
0%
Matty Blair
0%
Sean Long
0%
Reuben Reid
0%
Finn Azaz
0%
Chris Clements
0%
Chris Hussey
0%
Charlie Raglan
0%
Callum Harriott
0%
Michael Folivi
0%
Frank Nouble
0%
Liam O'Neil
0%
Tom Nichols
0%
Tom Dallison
0%
Jordan Tunnicliffe
0%
James Tilley
0%
Jack Powell
0%
Ashley Nadesan
0%
George Francomb
0%
Max Watters
0%
Noah Chilvers
0%
Miles Welch-Hayes
0%
Brendan Sarpong-Wiredu
0%
Aramide Oteh
0%
Ryan Clampin
0%
Joshua Bohui
0%
Harry Pell
0%
Declan Drysdale
0%
Kyle Knoyle
0%
Jake Hessenthaler
0%
Lewis Hardcastle
0%
Arthur Gnahoua
0%
Peter Kioso
0%
Lloyd Isgrove
0%
Nathan Delfouneso
0%
Antoni Sarcevic
0%
Sam Hird
0%
Tom Davies
0%
Ryan Delaney
0%
Harrison Biggins
0%
Bradley Barry
0%
Calvin Andrew
0%
Matthew Platt
0%
Tom Beadling
0%
Dior Angus
0%
Ali Crawford
0%
George Thomason
0%
Harvey Knibbs
0%
Ollie Crankshaw
0%
Adam May
0%
Luke Hannant
0%
Jack Iredale
0%
Joe Ironside
0%
Reece Staunton
0%
Kian Scales
0%
Charles Vernam
0%
Lee Novak
0%
Levi Sutton
0%
Harry Pritchard
0%
Paudie O'Connor
0%
Anthony O'Connor
0%
Gareth Evans
0%
Elliot Watt
0%
Tyler Frost
0%
Jordan Maguire-Drew
0%
Liam McAlinden
0%
Ruel Sotiriou
0%
George Thomson
0%
Lloyd Kerry
0%
Ed Francis
0%
Kevin Lokko
0%
Patrick Brough
0%
Conor Wilkinson
0%
Dan Kemp
0%
Dan Happe
0%
James Brophy
0%
Jobi McAnuff
0%
Lee Angol
0%
Ousseynou Cissé
0%
Craig Clay
0%
Louis Dennis
0%
Jamie Turley
0%
Brendan Kiernan
0%
Tyrese Sinclair
0%
John O'Sullivan
0%
Toumani Diagouraga
0%
Adam Phillips
0%
George Maris
0%
Jason Law
0%
Rollin Menayese
0%
James Perch
0%
Jordan Bowery
0%
Ryan Sweeney
0%
Nicky Maynard
0%
Stephen McLaughlin
0%
Harry Charsley
0%
Jamie Reid
0%
George Lapslie
0%
Josh McPake
0%
Aaron Martin
0%
Sam Matthews
0%
Nicky Law
0%
Odin Bailey
0%
Nicky Cadden
0%
Robbie Willmott
0%
Ben Seymour
0%
Tom Parkes
0%
Rory McArdle
0%
Joshua Key
0%
Jordan Moore-Taylor
0%
Pierce Sweeney
0%
Jack Sparkes
0%
Joel Randall
0%
Ryan Bowman
0%
Davide Rodari
0%
Joe McNerney
0%
Josh Davison
0%
Chris Stokes
0%
Josh March
0%
Owura Edwards
0%
Owen Windsor
0%
Luke Waterfall
0%
Luke Spokes
0%
Stefan Payne
0%
Filipe Morais
0%
Elliott Hewitt
0%
Montel Gibson
0%
Elliott Whitehouse
0%
Harry Clifton
0%
Mattie Pollock
0%
Jay Matete
0%
Lenell John-Lewis
0%
Scott Wagstaff
0%
Carl Winchester
0%
Mat Sadler
0%

Score Distribution

Percentile by Number Answered

Percent of People with Each Score

Your Score History

You have not taken this quiz